| 000 | 01113nam a2200217Ia 4500 | ||
|---|---|---|---|
| 001 | 11453 | ||
| 003 | GE_BSU | ||
| 008 | 181216s||||||||xx |||||||||||||| ||und|| | ||
| 040 | _cGE_BSU | ||
| 100 | _aფიცხელაური,ბ; უსეინაშვილი,ქ. | ||
| 245 | _aსასოფლო-სამეურნეო ცხოველების პათოლოგიური ფიზიოლოგია | ||
| 245 | _bსახელმძღვ.ზოოვეტერინალური ინ-ტის სტუდენტებისათვის. | ||
| 245 | _cრედ:ელ.ფიფია. | ||
| 260 | _aთბილისი | ||
| 260 | _bგანათლება | ||
| 260 | _c1967 | ||
| 300 | _a489გვ;22სმ. | ||
| 300 | _bილ. | ||
| 653 | _aსასოფლო-სამეურნეო ცხოველების პათოლოგიური ფიზიოლოგია.სახელმძღვ.ზოოვეტერინალური ინ-ტის სტუდენტებისათვის. | ||
| 942 | _cBK | ||
| 999 |
_c44650 _d44650 |
||